000 00351nam a2200121Ia 4500
008 231221s9999 xx 000 0 und d
041 _aEnglish
082 _a378.155 RAM.1;1 R
100 _aRamesh Chandra
245 0 _aUniversity education and technology in 21 century V.1
650 _aUniveras,education,technology,21,century,V.1
942 _cED
999 _c206416
_d206416